|
|
|
|
| LEADER |
00000nam0a2200000 4500 |
| 001 |
353971 |
| 005 |
20231102010638.0 |
| 035 |
|
|
|a (RuTPU)RU\TPU\retro\11229
|
| 090 |
|
|
|a 353971
|
| 100 |
|
|
|a 20200609d1960 km y0rusy50 ca
|
| 101 |
0 |
|
|a rus
|
| 102 |
|
|
|a RU
|
| 105 |
|
|
|a af j 001zy
|
| 200 |
1 |
|
|a Вышки и мачты для бурения
|e пособие по курсу "Буровая механика и основы проектирования бурового оборудования"
|e [машинопись]
|f В. И. Кренделев
|g Томский политехнический институт, Кафедра техники разведки
|
| 210 |
|
|
|a Томск
|c [б. м.]
|d 1960
|
| 215 |
|
|
|a [1], 58 л.
|c ил.
|
| 320 |
|
|
|a Библиогр.: л. 54-57
|
| 606 |
1 |
|
|a Буровая механика
|2 stltpush
|3 (RuTPU)RU\TPU\subj\30497
|9 53600
|
| 610 |
1 |
|
|a буровые вышки
|
| 610 |
1 |
|
|a буровые мачты
|
| 610 |
1 |
|
|a прочность
|
| 610 |
1 |
|
|a устойчивость
|
| 610 |
1 |
|
|a вертикальные скважины
|
| 610 |
1 |
|
|a бурение
|
| 610 |
1 |
|
|a нагрузки
|
| 610 |
1 |
|
|a проектирование
|
| 610 |
1 |
|
|a расчеты
|
| 610 |
1 |
|
|a коллекция ТПУ
|
| 610 |
1 |
|
|a труды учёных ТПУ
|
| 610 |
1 |
|
|a учебные пособия
|
| 675 |
|
|
|a 622.24.05(07)
|v 3
|
| 700 |
|
1 |
|a Кренделев
|b В. И.
|
| 712 |
0 |
2 |
|a Томский политехнический институт
|b Кафедра техники разведки
|c (1944-1991)
|2 stltpush
|3 (RuTPU)RU\TPU\col\1123
|
| 801 |
|
1 |
|a RU
|b 63413507
|c 20200609
|
| 801 |
|
2 |
|a RU
|b 63413507
|c 20200618
|g RCR
|
| 942 |
|
|
|c BK
|